[Event "Crema op 22nd"]
[Site "Crema"]
[Date "2022.09.10"]
[Round "3"]
[White "Tagliaferri, Valerio"]
[Black "Ranfagni, Stefano"]
[Result "0-1"]
[WhiteElo "1702"]
[BlackElo "1908"]
[PlyCount "36"]
[EventDate "2022.09.09"]
[EventType "swiss"]
[EventRounds "6"]
[EventCountry "ITA"]
[SourceTitle "CBM 210 Extra"]
[Source "ChessBase"]
[SourceDate "2022.11.30"]
[SourceVersion "1"]
[SourceVersionDate "2022.11.30"]
[SourceQuality "1"]

1. d4 e6 2. c4 f5 3. g3 Nf6 4. Bg2 c6 5. Nf3 d5 6. Ne5 Nbd7 7. Nd2 Nxe5 8. dxe5 Ng4 9. cxd5 cxd5 10. Nf3 Qc7 11. Qd4 Bc5 12. Qf4 Nxf2 13. Rf1 Ne4 14. a3 Qb6 15. b4 Bf2+ 16. Kd1 Bd7 17. e3 Ba4+ 18. Ke2 Qb5# 0-1

[Event "Robecchetto op 33rd"]
[Site "Robecchetto"]
[Date "2021.12.28"]
[Round "5"]
[White "Ranfagni, Stefano"]
[Black "Podini, Francesco"]
[Result "1/2-1/2"]
[WhiteElo "1882"]
[BlackElo "1924"]
[PlyCount "92"]
[EventDate "2021.12.26"]
[EventType "swiss"]
[EventRounds "7"]
[EventCountry "ITA"]
[SourceTitle "EXT 2023"]
[Source "ChessBase"]
[SourceDate "2022.10.05"]
[SourceVersion "1"]
[SourceVersionDate "2022.10.05"]
[SourceQuality "1"]

1. e4 c5 2. Nc3 Nc6 3. g3 g6 4. Bg2 Bg7 5. d3 e6 6. Be3 d6 7. Qd2 Nge7 8. Nge2 Nd4 9. Nd1 0-0 10. c3 Nxe2 11. Qxe2 Qa5 12. 0-0 Rb8 13. Qd2 b5 14. Bh6 b4 15. Bxg7 Kxg7 16. c4 Nc6 17. Ne3 Qb6 18. Ng4 Qd8 19. Qh6+ Kg8 20. f4 f5 21. exf5 gxf5 22. Bxc6 fxg4 23. Qh5 Kh8 24. Be4 Qe7 25. Qxg4 Bd7 26. Rae1 Qf7 27. Qh4 Rbe8 28. Rf2 Re7 29. g4 Rg8 30. g5 d5 31. Bg2 Bc6 32. Re5 Rge8 33. Rfe2 Bb7 34. cxd5 Bxd5 35. Bxd5 exd5 36. g6 Qxg6+ 37. Qg3 Qf6 38. Rxe7 Rxe7 39. Rxe7 Qxe7 40. Kf2 Qf6 41. Qe3 Qxb2+ 42. Kf3 Qd4 43. Qe8+ Kg7 44. Qe7+ Kg6 45. Qe6+ Kg7 46. Qe7+ Kg6 1/2-1/2

[Event "Robecchetto op 32nd"]
[Site "Robecchetto"]
[Date "2019.12.26"]
[Round "1"]
[White "Coppola, Federico"]
[Black "Ranfagni, Stefano"]
[Result "1-0"]
[WhiteElo "2106"]
[BlackElo "1910"]
[PlyCount "79"]
[EventDate "2019.12.26"]
[EventType "swiss"]
[EventRounds "6"]
[EventCountry "ITA"]
[SourceTitle "CBM 194 Extra"]
[Source "ChessBase"]
[SourceDate "2020.03.31"]
[SourceVersion "1"]
[SourceVersionDate "2020.03.31"]
[SourceQuality "1"]

1. Nf3 d5 2. g3 e6 3. c4 c6 4. Bg2 Bd6 5. 0-0 Nf6 6. d4 Ne4 7. Qc2 f5 8. b3 Qe7 9. Bb2 0-0 10. e3 a5 11. Ne1 Nd7 12. Nd3 b6 13. f3 Ng5 14. Nd2 Bb7 15. e4 fxe4 16. fxe4 Rxf1+ 17. Rxf1 Rf8 18. Rxf8+ Qxf8 19. e5 Bb8 20. h4 Nf7 21. Nf4 Qe8 22. Bh3 Nf8 23. Ba3 c5 24. dxc5 Bxe5 25. cxb6 Bd4+ 26. Kh2 Qc6 27. Bxf8 Kxf8 28. Nxe6+ Kg8 29. Nxd4 Qf6 30. N4f3 dxc4 31. Qxc4 Qxb6 32. Qe6 Qf2+ 33. Bg2 Kf8 34. Qe1 Qc5 35. Nc4 Nh6 36. Nfe5 Bc8 37. Bh3 Bxh3 38. Kxh3 Qc8+ 39. Kh2 Qe6 40. Qe4 1-0

[Event "Vimercate op"]
[Site "Vimercate"]
[Date "2015.11.27"]
[Round "2"]
[White "Krsnik Cohar, Ivan Vihor"]
[Black "Ranfagni, Stefano"]
[Result "1-0"]
[WhiteElo "2288"]
[BlackElo "1931"]
[PlyCount "137"]
[EventDate "2015.11.27"]
[EventType "swiss"]
[EventRounds "5"]
[EventCountry "ITA"]
[SourceTitle "EXT 2018"]
[Source "ChessBase"]
[SourceDate "2017.10.13"]
[SourceVersion "1"]
[SourceVersionDate "2017.10.13"]
[SourceQuality "1"]

1. d4 e6 2. Nf3 f5 3. c3 Nf6 4. Bg5 Be7 5. e3 0-0 6. Nbd2 b6 7. Bc4 Bb7 8. Qe2 a5 9. 0-0 Ne4 10. Bxe7 Qxe7 11. Rad1 d6 12. Ne1 Nd7 13. f3 Nxd2 14. Rxd2 Kh8 15. Nd3 e5 16. Rfd1 Rf6 17. dxe5 Nxe5 18. Nxe5 Qxe5 19. Bd5 Ba6 20. Qf2 Re8 21. e4 fxe4 22. Bxe4 Bc4 23. b3 Bf7 24. Rd4 Bg6 25. Bc6 Re7 26. b4 Qe3 27. bxa5 Qxc3 28. Bd5 Qxa5 29. g4 Rf8 30. f4 Bf7 31. Qh4 Ree8 32. Be4 Bg8 33. Bg6 Re2 34. Rd5 Qc3 35. Bd3 Rg2+ 36. Kxg2 Bxd5+ 37. Kg3 h6 38. Qe7 Qf6 39. Qxf6 Rxf6 40. g5 hxg5 41. fxg5 Rf3+ 42. Kg4 Re3 43. Rd2 Be4 44. Bxe4 Rxe4+ 45. Kf5 Re8 46. Kg6 Rd8 47. Kf7 c5 48. g6 Rd7+ 49. Ke6 Rd8 50. Ke7 Rc8 51. Rxd6 c4 52. Kd7 Rb8 53. Kc7 Ra8 54. Kxb6 Kg8 55. Kb7 Re8 56. Rc6 Re7+ 57. Kb6 Kf8 58. Rxc4 Re6+ 59. Rc6 Re2 60. a4 Rxh2 61. a5 Rb2+ 62. Kc7 Ke7 63. a6 Ra2 64. Kb7 Kd7 65. Rb6 Rc2 66. a7 Rc7+ 67. Ka6 Rc8 68. Rb8 Rc6+ 69. Kb5 1-0

[Event "Crema op 16th"]
[Site "Crema"]
[Date "2015.09.05"]
[Round "4"]
[White "Ventura, Franco"]
[Black "Ranfagni, Stefano"]
[Result "1-0"]
[WhiteElo "2088"]
[BlackElo "1941"]
[PlyCount "103"]
[EventDate "2015.09.04"]
[EventType "swiss"]
[EventRounds "6"]
[EventCountry "ITA"]
[SourceTitle "EXT 2024"]
[Source "ChessBase"]
[SourceDate "2023.10.10"]
[SourceVersion "1"]
[SourceVersionDate "2023.10.10"]
[SourceQuality "1"]

1. d4 e6 2. c4 f5 3. Nf3 Nf6 4. g3 c6 5. Bg2 d5 6. 0-0 Bd6 7. b3 Qe7 8. Bb2 0-0 9. Nbd2 Nbd7 10. Qc2 b6 11. Ne5 Bb7 12. Ndf3 Rac8 13. Nxd7 Nxd7 14. e3 c5 15. Rac1 a5 16. Rfd1 Nf6 17. dxc5 Bxc5 18. Qb1 dxc4 19. Rxc4 Rfd8 20. Rcc1 Be4 21. Qa1 Ne8 22. Rxd8 Rxd8 23. Rd1 Rxd1+ 24. Qxd1 h6 25. Qd2 Qd6 26. Qxd6 Nxd6 27. Ne5 Bb1 28. Nd7 Bxa2 29. Be5 Nf7 30. Bc7 Bxb3 31. Nxc5 bxc5 32. Bxa5 Bd5 33. f3 Nd6 34. Kf2 Kf7 35. Bf1 g5 36. h3 h5 37. Be2 Kg6 38. Bc7 Nb7 39. Bb5 c4 40. e4 fxe4 41. fxe4 c3 42. exd5 exd5 43. Be5 Nc5 44. Ke3 Kf5 45. Bxc3 g4 46. h4 Ke6 47. Bd3 Nb3 48. Bg6 Nc5 49. Bd4 Nb7 50. Kf4 Nd6 51. Bxh5 Nb5 52. Bxg4+ 1-0

[Event "Bratto op 35th"]
[Site "Bratto"]
[Date "2015.08.30"]
[Round "9"]
[White "Ottavi, Marco"]
[Black "Ranfagni, Stefano"]
[Result "1-0"]
[WhiteElo "1991"]
[BlackElo "1970"]
[PlyCount "51"]
[EventDate "2015.08.22"]
[EventType "swiss"]
[EventRounds "9"]
[EventCountry "ITA"]
[SourceTitle "EXT 2017"]
[Source "ChessBase"]
[SourceDate "2016.10.25"]
[SourceVersion "1"]
[SourceVersionDate "2016.10.25"]
[SourceQuality "1"]

1. e4 e6 2. d4 d5 3. Nd2 Nf6 4. e5 Nfd7 5. Bd3 c5 6. c3 Nc6 7. Ne2 cxd4 8. cxd4 f6 9. exf6 Nxf6 10. 0-0 Bd6 11. Nf3 0-0 12. Bg5 h6 13. Bh4 Qc7 14. Bg3 Nh5 15. Rc1 Nxg3 16. hxg3 Qf7 17. Nc3 e5 18. dxe5 Nxe5 19. Nxe5 Bxe5 20. Nxd5 Bxb2 21. Rc7 Qe8 22. Ne7+ Kh8 23. Ng6+ Kg8 24. Qb3+ Rf7 25. Rxf7 Qxf7 26. Bc4 1-0

[Event "Bratto op 35th"]
[Site "Bratto"]
[Date "2015.08.26"]
[Round "5"]
[White "Bonazzi, Edoardo"]
[Black "Ranfagni, Stefano"]
[Result "1-0"]
[WhiteElo "2113"]
[BlackElo "1970"]
[PlyCount "109"]
[EventDate "2015.08.22"]
[EventType "swiss"]
[EventRounds "9"]
[EventCountry "ITA"]
[SourceTitle "EXT 2016"]
[Source "ChessBase"]
[SourceDate "2015.10.08"]
[SourceVersion "1"]
[SourceVersionDate "2015.10.08"]
[SourceQuality "1"]

1. c4 c5 2. g3 g6 3. Bg2 Bg7 4. Nc3 Nc6 5. Nf3 d6 6. 0-0 e5 7. a3 a5 8. Ne1 Nge7 9. Nc2 0-0 10. Ne3 Be6 11. d3 f5 12. Ned5 h6 13. f4 Rb8 14. Rb1 Bf7 15. Bd2 Nxd5 16. Nxd5 Ne7 17. Bxa5 b6 18. Nxe7+ Qxe7 19. Bd2 Rfe8 20. e3 e4 21. Qc2 d5 22. dxe4 dxe4 23. Rfd1 Red8 24. Bf1 g5 25. Be2 gxf4 26. gxf4 Rd6 27. Bc3 Rg6+ 28. Kh1 Bxc3 29. Qxc3 Kh7 30. Rg1 Rbg8 31. Rxg6 Rxg6 32. Rg1 Rxg1+ 33. Kxg1 Qh4 34. b4 Bh5 35. Qd2 Bxe2 36. Qxe2 Qe7 37. Qd2 Qg7+ 38. Kf2 Qg4 39. Qe2 Qh4+ 40. Kf1 Qe7 41. Qd2 Qf7 42. Qd5 Qh5 43. Ke1 Qg4 44. Kd2 Qh3 45. bxc5 Qxh2+ 46. Kc3 Qh3 47. Kd4 bxc5+ 48. Qxc5 Qg4 49. Qe7+ Kg8 50. c5 Qd1+ 51. Ke5 Qa1+ 52. Kxf5 Qxa3 53. Kg6 Qa6+ 54. Qf6 Qxf6+ 55. Kxf6 1-0

[Event "Bratto op 35th"]
[Site "Bratto"]
[Date "2015.08.25"]
[Round "4"]
[White "Ranfagni, Stefano"]
[Black "Gennari, Jacopo"]
[Result "1/2-1/2"]
[WhiteElo "1970"]
[BlackElo "2125"]
[PlyCount "120"]
[EventDate "2015.08.22"]
[EventType "swiss"]
[EventRounds "9"]
[EventCountry "ITA"]
[SourceTitle "EXT 2016"]
[Source "ChessBase"]
[SourceDate "2015.10.08"]
[SourceVersion "1"]
[SourceVersionDate "2015.10.08"]
[SourceQuality "1"]

1. e4 d5 2. exd5 Nf6 3. d4 Nxd5 4. Nf3 g6 5. Bc4 Nb6 6. Bb3 Bg7 7. c3 0-0 8. 0-0 Bg4 9. h3 Bxf3 10. Qxf3 Nc6 11. Bf4 e6 12. Nd2 Nd5 13. Bg3 Rb8 14. Rad1 Nce7 15. Ne4 Nf5 16. Bh2 b6 17. Qe2 a5 18. g4 Nh6 19. c4 Ne7 20. d5 e5 21. Ba4 Nc8 22. f4 exf4 23. Bxf4 Nd6 24. Nxd6 cxd6 25. Qe3 Qh4 26. Bg5 Nxg4 27. hxg4 Qxg4+ 28. Kh1 Qxc4 29. b3 Qb4 30. Bd7 f6 31. Rf4 Qc5 32. Qe6+ Kh8 33. Bxf6 Bxf6 34. Rxf6 Qb4 35. Rdf1 Qh4+ 36. Kg2 Qg5+ 37. Kh2 Qh6+ 38. Qh3 Qd2+ 39. R1f2 Qxf2+ 40. Rxf2 Rxf2+ 41. Kg1 Rbf8 42. Qc3+ R8f6 43. Be6 Rf1+ 44. Kg2 R1f2+ 45. Kg3 h5 46. Kh4 Kg7 47. Kg3 g5 48. a3 Kh6 49. Bf5 R2xf5 50. Qc8 h4+ 51. Kg2 g4 52. Qh8+ Kg5 53. Qg7+ Kf4 54. Qc7 Ke5 55. Qc3+ Kxd5 56. Qc4+ Ke5 57. Qe2+ Kd4 58. Qc4+ Ke3 59. Qc3+ Kf4 60. Qd2+ Ke5 1/2-1/2

[Event "Ceriano Laghetto op-A 24th"]
[Site "Ceriano Laghetto"]
[Date "2015.03.07"]
[Round "3"]
[White "Lapiccirella, Mattia"]
[Black "Ranfagni, Stefano"]
[Result "1-0"]
[WhiteElo "2201"]
[BlackElo "1986"]
[PlyCount "73"]
[EventDate "2015.03.06"]
[EventType "swiss"]
[EventRounds "5"]
[EventCountry "ITA"]
[SourceTitle "EXT 2017"]
[Source "ChessBase"]
[SourceDate "2016.10.25"]
[SourceVersion "1"]
[SourceVersionDate "2016.10.25"]
[SourceQuality "1"]

1. d4 e6 2. c4 f5 3. g3 Nf6 4. Bg2 c6 5. Nh3 Be7 6. 0-0 0-0 7. Nd2 d5 8. Qc2 Qe8 9. Nf3 Ne4 10. Ne5 Nd7 11. Nd3 b6 12. cxd5 cxd5 13. Qc6 Ba6 14. Qxe6+ Kh8 15. Qxd5 Rd8 16. Qb3 Ndf6 17. e3 Nc5 18. Nxc5 Bxf1 19. Ne6 Bxg2 20. Kxg2 Qc6+ 21. Kg1 Ne4 22. Nxf8 Rxf8 23. f3 Qh6 24. Kg2 Ng5 25. Nxg5 Qxg5 26. Bd2 Re8 27. Re1 Qg6 28. Qd3 h5 29. d5 h4 30. g4 Qh6 31. Qxf5 h3+ 32. Kf1 Kg8 33. f4 Bh4 34. Rc1 b5 35. Rc8 Bd8 36. Qd7 Qg6 37. Rxd8 1-0

[Event "Robecchetto op-A 25th"]
[Site "Robecchetto"]
[Date "2014.12.29"]
[Round "5"]
[White "Miracola, Giorgia"]
[Black "Ranfagni, Stefano"]
[Result "0-1"]
[WhiteElo "1856"]
[BlackElo "2016"]
[PlyCount "70"]
[EventDate "2014.12.26"]
[EventType "swiss"]
[EventRounds "6"]
[EventCountry "ITA"]
[SourceTitle "EXT 2017"]
[Source "ChessBase"]
[SourceDate "2016.10.25"]
[SourceVersion "1"]
[SourceVersionDate "2016.10.25"]
[SourceQuality "1"]

1. g3 d5 2. Bg2 c6 3. d3 Nf6 4. Nd2 g6 5. Ngf3 Bg7 6. e4 dxe4 7. dxe4 0-0 8. 0-0 Bg4 9. h3 Bxf3 10. Qxf3 Nbd7 11. Nc4 b5 12. Na3 Ne5 13. Qe2 Qc7 14. Be3 Rfd8 15. f4 Nh5 16. Qf2 b4 17. fxe5 bxa3 18. g4 axb2 19. Rab1 Ng3 20. Qxg3 Bxe5 21. Qf2 f6 22. Kh1 Rab8 23. Bxa7 Rb7 24. Bc5 Qa5 25. a3 Rd2 26. Qe3 Rxc2 27. Bb4 Qb5 28. Rfd1 Qc4 29. Bf1 Rh2+ 30. Kg1 Qc2 31. Qf3 c5 32. Be1 Bd4+ 33. Rxd4 cxd4 34. Bd3 Qc7 35. Bg3 Rxh3 0-1

[Event "Robecchetto op-A 25th"]
[Site "Robecchetto"]
[Date "2014.12.29"]
[Round "6"]
[White "Ranfagni, Stefano"]
[Black "Ubezio, Marco"]
[Result "0-1"]
[WhiteElo "2016"]
[BlackElo "2090"]
[PlyCount "96"]
[EventDate "2014.12.26"]
[EventType "swiss"]
[EventRounds "6"]
[EventCountry "ITA"]
[SourceTitle "EXT 2017"]
[Source "ChessBase"]
[SourceDate "2016.10.25"]
[SourceVersion "1"]
[SourceVersionDate "2016.10.25"]
[SourceQuality "1"]

1. e4 e5 2. Nf3 Nc6 3. Bb5 Bc5 4. c3 Nf6 5. Qe2 0-0 6. 0-0 Re8 7. Rd1 a6 8. Ba4 b5 9. Bb3 h6 10. d3 d6 11. h3 Ba7 12. Nbd2 Be6 13. Nf1 Ne7 14. Bxe6 fxe6 15. d4 exd4 16. cxd4 Ng6 17. Ng3 d5 18. e5 Nh7 19. Be3 Rf8 20. Qc2 Ne7 21. Rac1 Bb6 22. Nh4 Qe8 23. f4 g5 24. fxg5 hxg5 25. Nf3 Qg6 26. Qxg6+ Nxg6 27. Nxg5 Nxg5 28. Bxg5 Nxe5 29. Kh1 Nc4 30. b3 Nd6 31. Rc2 Rf7 32. Re2 Re8 33. h4 c5 34. Rde1 Ba5 35. Bd2 Bxd2 36. Rxd2 c4 37. bxc4 dxc4 38. Rde2 Rf4 39. h5 Rxd4 40. Rxe6 Rxe6 41. Rxe6 c3 42. Ne2 c2 43. Kh2 b4 44. h6 a5 45. Re7 Re4 46. Rxe4 Nxe4 47. g4 Nc3 48. Nc1 Nxa2 0-1

[Event "Milan Crespi op-C 35th"]
[Site "Milan"]
[Date "2014.12.08"]
[Round "6"]
[White "Ranfagni, Stefano"]
[Black "Baronio, Gaia"]
[Result "1-0"]
[WhiteElo "2016"]
[BlackElo "1792"]
[PlyCount "79"]
[EventDate "2014.12.04"]
[EventType "swiss"]
[EventRounds "7"]
[EventCountry "ITA"]
[SourceTitle "EXT 2017"]
[Source "ChessBase"]
[SourceDate "2016.10.25"]
[SourceVersion "1"]
[SourceVersionDate "2016.10.25"]
[SourceQuality "1"]

1. e4 c6 2. c4 d5 3. exd5 cxd5 4. d4 Nf6 5. Nc3 Nc6 6. Nf3 Bg4 7. Be2 e6 8. Be3 Be7 9. 0-0 0-0 10. c5 Rc8 11. a3 a5 12. Na4 Nd7 13. Rb1 Bxf3 14. Bxf3 b6 15. b4 Na7 16. Bf4 Bf6 17. Bd6 Re8 18. cxb6 Nxb6 19. Nxb6 Qxb6 20. Bc5 Qc7 21. b5 Qb7 22. Qd2 Bd8 23. Rfe1 Bb6 24. Qd3 Rc7 25. Bxd5 Qxd5 26. Bxb6 Rb7 27. Bxa7 Rxa7 28. Qc3 Qb7 29. Rec1 h6 30. h3 Rb8 31. a4 Qb6 32. Qc5 Rab7 33. Rb2 Qd8 34. Rbc2 Rd7 35. Rc4 Rd5 36. Qa7 Ra8 37. Qxa8 Qxa8 38. Rc8+ Rd8 39. Rxa8 Rxa8 40. Rc7 1-0

[Event "Bratto op 34th"]
[Site "Bratto"]
[Date "2014.08.27"]
[Round "6"]
[White "Ranfagni, Stefano"]
[Black "Bonassi, Tommaso"]
[Result "0-1"]
[WhiteElo "2042"]
[BlackElo "2012"]
[PlyCount "66"]
[EventDate "2014.08.22"]
[EventType "swiss"]
[EventRounds "9"]
[EventCountry "ITA"]
[SourceTitle "EXT 2016"]
[Source "ChessBase"]
[SourceDate "2015.10.08"]
[SourceVersion "1"]
[SourceVersionDate "2015.10.08"]
[SourceQuality "1"]

1. e4 c5 2. Nf3 e6 3. c3 b6 4. d4 Bb7 5. Bd3 c4 6. Bc2 Nf6 7. Nbd2 b5 8. 0-0 d6 9. Re1 Nbd7 10. Nf1 e5 11. Ng3 g6 12. b3 Rc8 13. bxc4 bxc4 14. Ba3 Be7 15. Rb1 Qc7 16. Qc1 0-0 17. dxe5 Nxe5 18. Nd4 Ba6 19. Qd2 Rfd8 20. f4 Nd3 21. Bxd3 cxd3 22. Rec1 Bf8 23. f5 Re8 24. fxg6 hxg6 25. Qf4 Nd7 26. Nh5 Qa5 27. Rf1 Bc4 28. Nf5 Qxa3 29. Nh6+ Bxh6 30. Qxh6 Qc5+ 31. Kh1 Qxh5 32. Qf4 Ne5 33. Qf6 d2 0-1

[Event "Bratto op 34th"]
[Site "Bratto"]
[Date "2014.08.25"]
[Round "4"]
[White "Cugini, Verter"]
[Black "Ranfagni, Stefano"]
[Result "1-0"]
[WhiteElo "2079"]
[BlackElo "2042"]
[PlyCount "93"]
[EventDate "2014.08.22"]
[EventType "swiss"]
[EventRounds "9"]
[EventCountry "ITA"]
[SourceTitle "EXT 2016"]
[Source "ChessBase"]
[SourceDate "2015.10.08"]
[SourceVersion "1"]
[SourceVersionDate "2015.10.08"]
[SourceQuality "1"]

1. e4 e6 2. d4 d5 3. Nd2 Nf6 4. e5 Nfd7 5. Bd3 c5 6. c3 Nc6 7. Ne2 cxd4 8. cxd4 f6 9. Nf4 Nxd4 10. Qh5+ Ke7 11. Ng6+ hxg6 12. exf6+ Nxf6 13. Qxh8 Kf7 14. 0-0 e5 15. Nf3 Nxf3+ 16. gxf3 Bf5 17. Rd1 Qb6 18. Qh4 Qb4 19. Qxb4 Bxb4 20. Bg5 Ke6 21. Rac1 Bd6 22. Bc2 Bxc2 23. Rxc2 d4 24. f4 Kf5 25. fxe5 Bxe5 26. Bh4 Ne4 27. Bg3 Nxg3 28. hxg3 Rd8 29. Rcd2 g5 30. Kf1 g4 31. Ke2 Ke4 32. Rd3 Rc8 33. Kd2 Bf6 34. Re1+ Kd5 35. Rb3 b6 36. Rb5+ Rc5 37. Rxc5+ bxc5 38. b3 a5 39. Kd3 a4 40. Re4 c4+ 41. bxc4+ Kc5 42. a3 Kd6 43. Rxg4 Ke5 44. Re4+ Kf5 45. c5 g5 46. c6 Bd8 47. Rxd4 1-0

[Event "Bratto op 34th"]
[Site "Bratto"]
[Date "2014.08.23"]
[Round "2"]
[White "Locatelli, Andrea"]
[Black "Ranfagni, Stefano"]
[Result "1-0"]
[WhiteElo "2138"]
[BlackElo "2042"]
[PlyCount "135"]
[EventDate "2014.08.22"]
[EventType "swiss"]
[EventRounds "9"]
[EventCountry "ITA"]
[SourceTitle "EXT 2016"]
[Source "ChessBase"]
[SourceDate "2015.10.08"]
[SourceVersion "1"]
[SourceVersionDate "2015.10.08"]
[SourceQuality "1"]

1. e4 e5 2. Nf3 Nc6 3. Bc4 Bc5 4. c3 Nf6 5. d3 d6 6. 0-0 Be6 7. Bb3 h6 8. d4 exd4 9. cxd4 Bxb3 10. Qxb3 Bxd4 11. Qxb7 Kd7 12. Qb5 Rb8 13. Qd3 Be5 14. Nbd2 Ke7 15. Nc4 Nd7 16. Bd2 Bf6 17. Rac1 Nce5 18. Nfxe5 Nxe5 19. Nxe5 Bxe5 20. b3 c5 21. Be3 g6 22. f4 Bb2 23. Rc2 Ba3 24. Qa6 Bb4 25. Qxa7+ Qd7 26. Qxd7+ Kxd7 27. e5 Rhe8 28. Rd1 Re6 29. Bf2 Kc6 30. exd6 Rxd6 31. Rxd6+ Kxd6 32. f5 Re8 33. fxg6 fxg6 34. Kf1 Kd5 35. Re2 Ra8 36. Be3 h5 37. Bf2 c4 38. bxc4+ Kxc4 39. Re6 Rxa2 40. Rxg6 Kd3 41. Rg3+ Ke4 42. Re3+ Kf4 43. g3+ Kf5 44. Rf3+ Kg6 45. Rb3 Ra1+ 46. Kg2 Ba5 47. h4 Bd8 48. Kf3 Be7 49. Rb6+ Kf5 50. Rh6 Ra3+ 51. Be3 Bf6 52. Rxh5+ Kg6 53. Rd5 Ra4 54. h5+ Kf7 55. Bf4 Ra1 56. Rd7+ Ke6 57. Rd6+ Ke7 58. Rc6 Rh1 59. Kg4 Kf7 60. h6 Rh2 61. Bg5 Be5 62. Rb6 Rh1 63. Bh4 Rf1 64. Kh5 Rf5+ 65. Bg5 Bxg3 66. Rb7+ Kg8 67. Kg6 Rf8 68. Bf6 1-0

[Event "Treviglio Province-ch"]
[Site "Treviglio"]
[Date "2014.01.19"]
[Round "3"]
[White "Ranfagni, Stefano"]
[Black "Ventura, Salvatore"]
[Result "1-0"]
[WhiteElo "2005"]
[BlackElo "2045"]
[PlyCount "87"]
[EventDate "2014.01.18"]
[EventType "swiss"]
[EventRounds "6"]
[EventCountry "ITA"]
[SourceTitle "EXT 2016"]
[Source "ChessBase"]
[SourceDate "2015.10.08"]
[SourceVersion "1"]
[SourceVersionDate "2015.10.08"]
[SourceQuality "1"]

1. e4 c5 2. Nc3 Nc6 3. g3 g6 4. Bg2 Bg7 5. d3 d6 6. Be3 Nf6 7. h3 0-0 8. Qd2 Rb8 9. f4 Bd7 10. Nf3 b5 11. 0-0 b4 12. Ne2 a5 13. g4 a4 14. f5 Re8 15. Bh6 Bh8 16. Ng3 Bc8 17. Ng5 Ne5 18. Nf3 Nfd7 19. Rab1 Ba6 20. fxg6 hxg6 21. Ng5 b3 22. axb3 axb3 23. c4 Bb7 24. Rf2 Nf6 25. Rbf1 Ra8 26. Ne2 Qa5 27. Nc3 Nexg4 28. hxg4 Nxg4 29. Qf4 Nxh6 30. Nxf7 Bg7 31. Nxh6+ Kh7 32. Qh4 Bd4 33. Nf5+ Kg8 34. Nxd4 cxd4 35. Rf7 Qh5 36. Qxh5 gxh5 37. Nd5 Bxd5 38. exd5 Ra2 39. R7f2 Kg7 40. Be4 Kh6 41. Rg2 h4 42. Rf4 Kh5 43. Bg6+ Kh6 44. Bxe8 1-0

[Event "Treviglio Province-ch"]
[Site "Treviglio"]
[Date "2014.01.18"]
[Round "1"]
[White "Ranfagni, Stefano"]
[Black "Sorbera, Paolo"]
[Result "1-0"]
[WhiteElo "2005"]
[BlackElo "1696"]
[PlyCount "97"]
[EventDate "2014.01.18"]
[EventType "swiss"]
[EventRounds "6"]
[EventCountry "ITA"]
[SourceTitle "EXT 2016"]
[Source "ChessBase"]
[SourceDate "2015.10.08"]
[SourceVersion "1"]
[SourceVersionDate "2015.10.08"]
[SourceQuality "1"]

1. e4 e5 2. Nf3 Nc6 3. Bb5 a6 4. Ba4 Nf6 5. Qe2 b5 6. Bb3 Bc5 7. a4 b4 8. Bxf7+ Kf8 9. Bd5 Qe7 10. 0-0 Rb8 11. d3 Nd4 12. Nxd4 Bxd4 13. Bc4 a5 14. Nd2 d6 15. h3 Bd7 16. Nb3 Bb6 17. Be3 Be6 18. Bxe6 Qxe6 19. Bxb6 cxb6 20. Nd2 g6 21. Nc4 Kg7 22. f4 exf4 23. Rxf4 d5 24. Raf1 Rhf8 25. e5 Nd7 26. Rxf8 Rxf8 27. Rxf8 Kxf8 28. Qf3+ Kg7 29. Ne3 Qxe5 30. b3 Nf6 31. Kf2 h5 32. Qg3 Qxg3+ 33. Kxg3 d4 34. Nc4 Nd5 35. Kf3 Kf6 36. Ke4 Ne3 37. Nxe3 dxe3 38. Kxe3 Ke5 39. d4+ Kf5 40. Kf3 h4 41. Ke3 Ke6 42. Ke4 Kd6 43. d5 Kd7 44. Ke5 Ke7 45. d6+ Kd7 46. Kd5 Kd8 47. Kc6 Ke8 48. d7+ Kd8 49. Kd6 1-0

[Event "Robecchetto op-A 24th"]
[Site "Robecchetto"]
[Date "2013.12.30"]
[Round "6"]
[White "Soncin, Denis"]
[Black "Ranfagni, Stefano"]
[Result "1/2-1/2"]
[WhiteElo "2041"]
[BlackElo "2015"]
[PlyCount "69"]
[EventDate "2013.12.27"]
[EventType "swiss"]
[EventRounds "6"]
[EventCountry "ITA"]
[SourceTitle "EXT 2015"]
[Source "ChessBase"]
[SourceDate "2014.11.20"]
[SourceVersion "1"]
[SourceVersionDate "2014.11.20"]
[SourceQuality "1"]

1. e4 e6 2. d3 d5 3. Nd2 Nf6 4. g3 b6 5. Bg2 Bb7 6. Ngf3 c5 7. 0-0 Be7 8. e5 Nfd7 9. Re1 Nc6 10. Nf1 Qc7 11. Bf4 h6 12. h4 0-0-0 13. c3 Rdg8 14. Qd2 Qd8 15. d4 cxd4 16. Nxd4 g5 17. hxg5 hxg5 18. Nxc6 Bxc6 19. Be3 Nxe5 20. Bxb6 Qxb6 21. Rxe5 Bf6 22. Re2 d4 23. cxd4 Bxg2 24. Kxg2 Qb7+ 25. f3 g4 26. Rc1+ Kd7 27. Qf4 gxf3+ 28. Qxf3 Rxg3+ 29. Nxg3 Rh2+ 30. Kxh2 Qxf3 31. Rf1 Qg4 32. Re4 Qg6 33. Ref4 Be7 34. Rxf7 Qh6+ 35. Kg2 1/2-1/2

[Event "Robecchetto op-A 24th"]
[Site "Robecchetto"]
[Date "2013.12.29"]
[Round "5"]
[White "Boschetti, Claudio"]
[Black "Ranfagni, Stefano"]
[Result "1/2-1/2"]
[WhiteElo "2111"]
[BlackElo "2015"]
[PlyCount "95"]
[EventDate "2013.12.27"]
[EventType "swiss"]
[EventRounds "6"]
[EventCountry "ITA"]
[SourceTitle "EXT 2015"]
[Source "ChessBase"]
[SourceDate "2014.11.20"]
[SourceVersion "1"]
[SourceVersionDate "2014.11.20"]
[SourceQuality "1"]

1. e4 e6 2. c4 c5 3. Nc3 Nc6 4. g3 d6 5. Bg2 g6 6. Nge2 Bg7 7. d3 Nge7 8. 0-0 0-0 9. Be3 a6 10. d4 cxd4 11. Nxd4 Qc7 12. Rc1 Bd7 13. Nde2 Ne5 14. b3 Bc6 15. h3 f5 16. f4 Nf7 17. g4 Rad8 18. Bd4 e5 19. Be3 Qc8 20. Nd5 Bxd5 21. cxd5 Qd7 22. exf5 gxf5 23. g5 Rc8 24. h4 Rxc1 25. Bxc1 Rc8 26. Ng3 e4 27. Bh3 Rc3 28. Kh2 Rd3 29. Qh5 Rxd5 30. Nxe4 Qc6 31. Nf6+ Bxf6 32. gxf6 Ng6 33. Qe2 Rc5 34. Bd2 Nxh4 35. Rg1+ Ng6 36. Qh5 Qd5 37. Rg2 Rc2 38. Qxf5 Qxf5 39. Bxf5 Rxa2 40. Be4 Kf8 41. Bxb7 Nh6 42. f5 Rxd2 43. Rxd2 Nxf5 44. Bxa6 Ne5 45. Rc2 Nf3+ 46. Kh3 Ng1+ 47. Kh2 Nf3+ 48. Kh3 1/2-1/2

[Event "Milan Crespi op-A 34th"]
[Site "Milan"]
[Date "2013.12.07"]
[Round "4"]
[White "Ranfagni, Stefano"]
[Black "Prevedello, Daniele"]
[Result "0-1"]
[WhiteElo "2015"]
[BlackElo "1769"]
[PlyCount "86"]
[EventDate "2013.12.04"]
[EventType "swiss"]
[EventRounds "7"]
[EventCountry "ITA"]
[SourceTitle "EXT 2024"]
[Source "ChessBase"]
[SourceDate "2023.10.10"]
[SourceVersion "1"]
[SourceVersionDate "2023.10.10"]
[SourceQuality "1"]

1. e4 c6 2. d4 d5 3. exd5 cxd5 4. c4 Nf6 5. Nc3 Nc6 6. Nf3 Bg4 7. cxd5 Nxd5 8. Be2 e6 9. 0-0 Be7 10. h3 Bh5 11. a3 0-0 12. Ne4 Qb6 13. g4 Bg6 14. Ng3 Bf6 15. h4 h6 16. h5 Bh7 17. g5 hxg5 18. Nxg5 Nxd4 19. Nxh7 Nxe2+ 20. Qxe2 Kxh7 21. Qe4+ Kg8 22. Kg2 Bd4 23. Qg4 Nf6 24. Qg5 Qc6+ 25. f3 Qc2+ 26. Kh3 Rfd8 27. Re1 Rd5 28. Qh4 Bf2 29. Bg5 Bxg3 30. Kxg3 Qf5 31. Bxf6 gxf6 32. Qg4+ Kh7 33. Qxf5+ Rxf5 34. Rac1 Rg8+ 35. Kf2 Rxh5 36. Rc7 Rh2+ 37. Ke3 Rg5 38. Rb1 Re5+ 39. Kf4 Rb5 40. b4 Kg6 41. Rg1+ Rg5 42. Rd1 Re2 43. Rc5 e5+ 0-1